000 01106cam a2200217 4500
008 020805n2002 000 0 eng u
035 _a(Sirsi) u119183
100 _aRegan, S
245 _aFair shares
260 _c2002
490 _aInside Housing
_v19 July 2002, 16-17 (2)
520 _aEvaluates the potential of equity stakes as a means of helping social housing tenants access the benefits of asset-ownership, of improving the status of social housing, of revolutionising the relationship between tenants and landlords and even reforming the right to buy. Cites recent research by the Chartered Institute of Housing/Institute for Public Policy Research "A stake worth having?" which indicates considerable support from tenants with less certainty from landlords that equity stakes would raise the status of social housing. Lists the key requirements for implementing a successful scheme.
590 _aABS
650 _aEQUITY STAKES
650 _aSOCIAL HOUSING
650 _aLANDLORDS
650 _aTENANTS
690 _aAffordable housing
_96215
700 _aLupton, M
942 _n0
999 _c70899
_d70899